Normal view
MARC view
Entry Personal Name
001 - CONTROL NUMBER
- control field: 8101
003 - CONTROL NUMBER IDENTIFIER
- control field: OSt
005 - DATE AND TIME OF LATEST TRANSACTION
- control field: 20160419164759.0
008 - FIXED-LENGTH DATA ELEMENTS
- fixed length control field: 160419|| aca||aabn | a|a d
040 ## - CATALOGING SOURCE
- Original cataloging agency: OSt
- Transcribing agency: OSt
100 ## - HEADING--PERSONAL NAME
- Personal name: Singh, Jasprit.
670 ## - SOURCE DATA FOUND
- Source citation: Work cat.: (OSt)3639: Singh, Jasprit., Smart electronic materials :, 2005.
